| 000 | 00561nam a22002297a 4500 | ||
|---|---|---|---|
| 003 | DO-SdBNP | ||
| 005 | 20180226130235.0 | ||
| 008 | 151124b 1994 cl 00| 0 spa d | ||
| 020 | _a9789562730013 | ||
| 040 |
_aBPMSU _bspa _cBPMSU |
||
| 082 | 4 |
_axxxx _bxxxx |
|
| 100 | 1 | _aIriarte | |
| 245 | 1 | 0 |
_aFabulas / _c Iriarte |
| 260 |
_aChile : _bTexido, _c1994. |
||
| 300 |
_a79 p. ; _c19 cm. |
||
| 490 | 1 | _aClásicos texido | |
| 830 | 0 | _aClásicos texido | |
| 910 | _a00260 | ||
| 942 |
_2ddc _cBK |
||
| 945 | _aInventariado, 2018 / BT | ||
| 956 |
_aLorenza Pérez _b10 |
||
| 999 |
_c8886 _d8886 |
||